Qué hacemos para debatir si es posible seguir con la moneda única o si no hay futuro para el euro / (Registro nro. 12237)

Detalles MARC
000 -LEADER
fixed length control field 01378nam a2200289Ia 4500
003 - CONTROL NUMBER IDENTIFIER
control field OSt
005 - DATE AND TIME OF LATEST TRANSACTION
control field 20210824120151.0
008 - FIXED-LENGTH DATA ELEMENTS--GENERAL INFORMATION
fixed length control field 210310s2012 sp ad gr 000 0 spa d
020 ## - INTERNATIONAL STANDARD BOOK NUMBER
International Standard Book Number 9788446037330
040 ## - CATALOGING SOURCE
Original cataloging agency CO-JMCR
Transcribing agency CO-JMCR
041 0# - LANGUAGE CODE
Language code of text/sound track or separate title spa
082 04 - DEWEY DECIMAL CLASSIFICATION NUMBER
Classification number 332.45 /
Item number G873h
Edition number 23
100 1# - MAIN ENTRY--PERSONAL NAME
Personal name Gutiérrez, Eduardo,
Relator term autor
9 (RLIN) 27662
245 10 - TITLE STATEMENT
Title Qué hacemos para debatir si es posible seguir con la moneda única o si no hay futuro para el euro /
Statement of responsibility, etc. Eduardo Gutiérrez, Iván H. Ayala, Daniel Albarracín, [y otros 1].
260 ## - PUBLICATION, DISTRIBUTION, ETC.
Place of publication, distribution, etc. España :
Name of publisher, distributor, etc. Akal,
Date of publication, distribution, etc. 2012.
300 ## - PHYSICAL DESCRIPTION
Extent 63 páginas :
Other physical details ilustraciones y gráficas en blanco y negro ;
Dimensions 22 cm.
490 ## - SERIES STATEMENT
Series statement Akal ;
Volume/sequential designation 3
504 ## - BIBLIOGRAPHY, ETC. NOTE
Bibliography, etc. note bibliografía : páginas 61-62.
505 0# - FORMATTED CONTENTS NOTE
Formatted contents note El Euro en la construcción de la UE. -- Crónica de una década con el Euro. -- Rigor Mortis, del sistema Euro.
520 0# - SUMMARY, ETC.
Summary, etc. Qué hacemos para debatir si es posible seguir con una moneda única o si la salida a la crisis es abandonar el Euro. Pese q que el sistema monetario a entrado en una profunda crisis, y su supervivencia es puesta en duda por muchos.
650 14 - SUBJECT ADDED ENTRY--TOPICAL TERM
Topical term or geographic name entry element La política monetaria
9 (RLIN) 37524
650 24 - SUBJECT ADDED ENTRY--TOPICAL TERM
Topical term or geographic name entry element Países de la Unión Europea
9 (RLIN) 39609
650 24 - SUBJECT ADDED ENTRY--TOPICAL TERM
Topical term or geographic name entry element Integración económica internacional
9 (RLIN) 7032
700 1# - ADDED ENTRY--PERSONAL NAME
Personal name Ayala, Iván H.,
Relator term autor
9 (RLIN) 39610
700 1# - ADDED ENTRY--PERSONAL NAME
Personal name Albarracín, Daniel,
Relator term autor
9 (RLIN) 39611
942 ## - ADDED ENTRY ELEMENTS (KOHA)
Source of classification or shelving scheme Dewey Decimal Classification
Koha item type Books
Existencias
Withdrawn status Lost status Source of classification or shelving scheme Damaged status Not for loan Home library Current library Shelving location Date acquired Source of acquisition Full call number Barcode Date last seen Copy number Price effective from Koha item type
    Dewey Decimal Classification     Biblioteca Pública José María del Castillo y Rada Biblioteca Pública José María del Castillo y Rada General Stacks 04/15/2018 Donación 332.45 / G873h 430005085 05/16/2024 Ej.1 03/10/2021 Books